História 7: história, 7º ano

Saved in:
Bibliographic Details
Main Author: Alves, Eliseu
Other Authors: Maia, Rui Leandro Alves da Costa Moreno, Humberto Baquero
Format: Unknown
Language:Portuguese
Published: Porto Porto Editora 2002
Edition:1ª ed.,
Textbook Catalogue:MANES:  Library Catalog Search Result
Textbook Classification:
Tags: Add Tag
No Tags, Be the first to tag this record!
Added to:2016-04-26
Changed in:2025-04-25

MARC

LEADER 000000000a22000000004500
001 33313
003 OSt
005 20250425111644.0
008 160427s2002 po 00| 0 por d
041 |a por 
043 |a Portugal 
561 |5 pt-BNP  |a Portugal. Biblioteca Nacional de Portugal  |k MANES 
691 |a SE 
100 1 |a Alves, Eliseu  |9 17222 
700 1 |a Maia, Rui Leandro Alves da Costa  |9 17204  |a Moreno, Humberto Baquero  |9 17232 
245 0 0 |a História 7: história, 7º ano 
250 |a 1ª ed., 
260 3 |a Porto  |b Porto Editora  |c 2002 
300 |a 191, [1] p.;  |c 27 cm 
690 |a HI 
942 |2 ddc  |c BK 
546 |a Portugal 
999 |c 37151  |d 37151 
999 |c manes:37151  |d 37151